[Event "SC-2019-0-00374"]
[Site "LSS email"]
[Date "2019.07.07"]
[Round "?"]
[White "Obukhov, Gennady Nikolaevich"]
[Black "Trani, Francesco"]
[Result "1-0"]
[WhiteElo "1841"]
[BlackElo "1648"]
[PlyCount "57"]
[EventDate "2019.03.30"]
[EventType "tourn (corr)"]
[EventRounds "6"]
[EventCountry "GER"]
[SourceTitle "Corr 2022"]
[Source "ChessBase"]
[SourceDate "2021.10.24"]
[SourceVersion "1"]
[SourceVersionDate "2021.10.24"]
[SourceQuality "1"]

1. e4 e5 2. d4 exd4 3. Qxd4 Nc6 4. Qe3 Nf6 5. Nc3 Bb4 6. Bd2 0-0 7. 0-0-0 d6 8. f3 a5 9. a3 Bc5 10. Qe1 Bd7 11. Be3 b6 12. g4 Be6 13. g5 Nd7 14. f4 Bg4 15. Rd2 Re8 16. h4 Bh5 17. Bxc5 bxc5 18. Be2 Bxe2 19. Qxe2 Rb8 20. Nf3 Qc8 21. g6 fxg6 22. h5 gxh5 23. Ng5 g6 24. Rxh5 Nf8 25. Qc4+ Kh8 26. Rh6 Qb7 27. b3 Ne5 28. fxe5 c6 29. exd6 1-0